| 000 | 00790cam a22002891 4500 | ||
|---|---|---|---|
| 001 | 9786623 | ||
| 003 | OSt | ||
| 005 | 20180824144541.0 | ||
| 008 | 730115s1955 njua 000 0 eng | ||
| 010 | _a 53010143 | ||
| 015 | _aGB55-8622 | ||
| 020 | _a0691028931 | ||
| 035 | _a(OCoLC)537169 | ||
| 040 |
_aDLC _cODaWU _dOCoLC _dMnU _dUk _dDLC |
||
| 041 | 1 | _aengger | |
| 042 | _apremarc | ||
| 050 | 0 | 0 |
_aQC174.3 _b.V613 |
| 082 |
_a531 _bNEU 1996 |
||
| 100 | 1 |
_aNeumann, Von John, _98137 |
|
| 245 | 1 | 0 | _aMathematical Foundations of Quantum Mechanics. |
| 260 |
_bPrinceton University Press, _c1996. |
||
| 300 |
_a445 p; _bill: _c23 cm. |
||
| 650 | 0 |
_aMathematics _98138 |
|
| 650 | 0 |
_aQuantum mechanics. _94185 |
|
| 906 |
_a7 _bcbc _coclcrpl _du _encip _f19 _gy-gencatlg |
||
| 942 |
_2ddc _cSLOAN |
||
| 999 |
_c3658 _d3658 |
||